| 000 | 04770nab a2200325 i 4500 | ||
|---|---|---|---|
| 003 | BR-BrBNA | ||
| 005 | 20250204074651.0 | ||
| 008 | 250204b2013 bl.qr|pooa||| 00| 0 por | | ||
| 040 |
_aBR-BrBNA _bpor |
||
| 072 | _aF61 | ||
| 072 | _aF62 | ||
| 072 | _aK10 | ||
| 100 | _aMercês, Dinara de Andrade | ||
| 100 | _aPinheiro, Marayana Prado | ||
| 100 | _aOliveira Filho, Josafá Amaral de | ||
| 100 | _aFrança, Solange | ||
| 100 | _aGomes, Fábio Pinto | ||
| 100 | _aFiaschi, Pedro | ||
| 100 | _aMielke, Marcelo Schramm | ||
| 245 | _aSobrevivência de plântulas, características fotossintéticas e crescimento de Discocarpus pedicellatus (Phyllanthaceae) | ||
| 500 | _aPublicação on-line; 38 ref.; 3 tables; 2 illus.; Summaries (En, Pt) | ||
| 520 | _a Resumo Discocarpus pedicellatus é uma espécie arbórea endêmica da Mata Atlântica que apresenta regeneração natural por meio da formação de bancos de plântulas, ocorrendo em populações com manchas de elevada densidade de árvores adultas nas florestas semidecíduas do sul da Bahia. Foram realizados dois estudos, um no campo e outro em casa de vegetação, visando analisar a sobrevivência de plântulas e os efeitos do sombreamento nas características fotossintéticas e no crescimento de plantas jovens de D. pedicellatus. No início das avaliações no campo a densidade de plântulas foi muita elevada, em torno de 700 plântulas m-2. Ao final de dois anos esses valores variavam entre 5 e 190 plântulas m-2, sendo raros os indivíduos que apresentavam folhas verdadeiras. Em casa de vegetação, os valores da taxa fotossintética líquida em saturação de radiação luminosa (Amax), da irradiância de compensação (Ic), da taxa de respiração no escuro (Rd), da taxa de crescimento relativo (TCR) e da taxa assimilatória líquida (TAL), indicam que essa espécie apresenta crescimento lento, típico de espécies que regeneram no interior de florestas com dossel fechado. Além disso, com o aumento do sombreamento observou-se uma diminuição significativa da Rd, indicando que a sobrevivência no sub-bosque está associada com baixas taxas metabólicas e de crescimento. Os resultados obtidos indicam que a estratégia de regeneração por bancos de plântulas e a capacidade de ajustar o seu metabolismo em função da radiação luminosa disponível são fatores importantes para o estabelecimento de populações de D. pedicellatus com manchas de elevada densidade populacional nas florestas semidecíduas do sul da Bahia. Palavras-chave: Mata Atlântica, fotografias hemisféricas, tolerância a sombra. Abstract Discocarpus pedicellatus is an endemic tree species in the Atlantic Forest. It presents natural regeneration from seedling banks and populations with patches of high-density of adult trees in the semideciduous forests of southern Bahia, Brazil. Two studies were conducted, in the field and under greenhouse conditions, aiming to analyze seedling survival and the effects of shade on growth and on photosynthetic characteristics of D. pedicellatus saplings. In the field, the density of seedlings was very high at the beginning of the study, in some cases exceeding 700 seedlings m-2. After two years of observations, density values were between 5 and 190 seedlings m-2 and few individuals showed the first true leaves. In greenhouse, the results obtained for light-saturated net photosynthetic rate (Amax), the compensation irradiance (Ic), the dark respiration rate (Rd), the relative growth rate (TCR) and the net assimilation rate (TAL), suggest that this species presents slow growth, typical of species that regenerate in the understory of mature forests under closed canopies. Also, in response to increase in shading there was a significant decrease in Rd, indicating that the survival in the forest understory may be associated to low metabolic and growth rates. The results indicate that the regeneration strategy by seedling banks and the ability to adjust their metabolism in response to the low available light radiation are important factors that explain the establishment of high-population density patches of D. pedicellatus in the semideciduous forests of southern Bahia, Brazil. Key words: Atlantic rainforest, hemispherical photographs, shade tolerance. | ||
| 650 | _aMATA ATLÂNTICA | ||
| 650 | _aFOTOGRAFIA | ||
| 650 | _aSOMBREAMENTO | ||
| 773 | 0 |
_0709 _9348214 _dRio de Janeiro-RJ Jardim Botanico do Rio de Janeiro 1935 _o2025-0703 _tRodriguésia (Brazil) _x0370-6583; 2175-7860 on-line _gv. 64(1) p. 001-010; (2013) _wBR2024004042 |
|
| 856 | _uhttps://www.scielo.br/j/rod/a/5Mttc3V6QM4nMRbFjHkvVTC/?format=pdf&lang=pt | ||
| 942 | _cANA | ||
| 999 |
_c329803 _d329803 |
||